Demografický a sídlištný obraz Západného Slovenska

Saved in:
Bibliographic Details
Main Author: Kohútová, Mária
Format: Book
Language:Slovak
Published: Bratislava Veda 1990
Edition:1. vyd.
Tags: Add Tag
No Tags, Be the first to tag this record!

MARC

LEADER 00000nam a2200000 4500
001 c028884
005 20250529075229.6
041 0 |a slo 
044 |a SK 
245 1 0 |a Demografický a sídlištný obraz Západného Slovenska  |c Mária Kohútová 
250 |a 1. vyd. 
264 1 |a Bratislava  |b Veda  |c 1990 
300 |a 181 s. 
100 1 |a Kohútová, Mária